[Event "Krakow op-A 34th"]
[Site "Krakow"]
[Date "2023.12.31"]
[Round "5"]
[White "Keinanen, Toivo"]
[Black "Akbas, Umut Ata"]
[Result "1/2-1/2"]
[WhiteElo "2522"]
[BlackElo "2446"]
[PlyCount "43"]
[EventDate "2023.12.27"]
[EventType "swiss"]
[EventRounds "9"]
[EventCountry "POL"]
[SourceTitle "CB02_2024"]
[SourceDate "2024.01.10"]
[SourceVersion "1"]
[SourceVersionDate "2024.01.10"]
[SourceQuality "1"]

1. c4 e6 2. g3 d5 3. Bg2 d4 4. d3 Nf6 5. Nf3 Bb4+ 6. Nbd2 a5 7. Ne5 Nfd7 8. Nxd7 Qxd7 9. 0-0 Nc6 10. Qa4 Ra6 11. Nb3 0-0 12. a3 Be7 13. Bxc6 bxc6 14. Nxa5 e5 15. b4 Qh3 16. Qc2 c5 17. e4 f5 18. exf5 Rxf5 19. f3 cxb4 20. axb4 Bxb4 21. Bd2 Bf8 22. Rae1 1/2-1/2

[Event "EU-chT 24th"]
[Site "Budva"]
[Date "2023.11.20"]
[Round "9.16"]
[White "Keinanen, Toivo"]
[Black "Glek, Igor Vladimirovich"]
[Result "1-0"]
[WhiteElo "2527"]
[BlackElo "2435"]
[PlyCount "87"]
[EventDate "2023.11.11"]
[EventType "team-swiss"]
[EventRounds "9"]
[EventCountry "MNE"]
[SourceTitle "CB47_2023"]
[SourceDate "2023.11.22"]
[SourceVersion "1"]
[SourceVersionDate "2023.11.22"]
[SourceQuality "1"]
[WhiteTeam "Finland"]
[BlackTeam "Belgium"]
[WhiteTeamCountry "FIN"]
[BlackTeamCountry "BEL"]

1. Nf3 f5 2. d3 Nc6 3. d4 e6 4. g3 Nf6 5. Bg2 Be7 6. c4 d5 7. Nc3 Ne4 8. 0-0 0-0 9. cxd5 exd5 10. Qb3 Kh8 11. Kh1 Nxc3 12. Qxc3 Be6 13. Rd1 a5 14. Bd2 Nb8 15. Qb3 Ra7 16. Bf4 Bg8 17. Qe3 Bf6 18. Qd3 Be6 19. Bh3 g6 20. Bg2 c6 21. h4 Nd7 22. Rac1 Qe7 23. Bh3 Re8 24. Kg2 Nb6 25. Rh1 Bg8 26. Rce1 Nc4 27. b3 Na3 28. Be5 h5 29. Bxf5 gxf5 30. Qxf5 Rf8 31. Qxh5+ Qh7 32. Qxh7+ Bxh7 33. Bd6 Rg8 34. Bxa3 Be4 35. Rd1 a4 36. Bc5 b6 37. Bxb6 Rb7 38. Bc5 axb3 39. axb3 Rxb3 40. Rd2 Ra8 41. Rc1 Kg8 42. Kh2 Bxf3 43. exf3 Rxf3 44. Bb6 1-0

[Event "EU-chT 24th"]
[Site "Budva"]
[Date "2023.11.19"]
[Round "8.17"]
[White "Bogner, Sebastian"]
[Black "Keinanen, Toivo"]
[Result "1/2-1/2"]
[WhiteElo "2536"]
[BlackElo "2527"]
[PlyCount "84"]
[EventDate "2023.11.11"]
[EventType "team-swiss"]
[EventRounds "9"]
[EventCountry "MNE"]
[SourceTitle "CB47_2023"]
[SourceDate "2023.11.22"]
[SourceVersion "1"]
[SourceVersionDate "2023.11.22"]
[SourceQuality "1"]
[WhiteTeam "Switzerland"]
[BlackTeam "Finland"]
[WhiteTeamCountry "SUI"]
[BlackTeamCountry "FIN"]

1. e4 e6 2. d4 d5 3. Nc3 dxe4 4. Nxe4 Nd7 5. Nf3 Ngf6 6. Bg5 h6 7. Nxf6+ Nxf6 8. Be3 Bd6 9. Bd3 0-0 10. Qe2 b6 11. 0-0-0 Bb7 12. Ne5 Nd5 13. Bd2 Qh4 14. Nf3 Qf6 15. Qe4 Qg6 16. Qxg6 fxg6 17. Be4 Rab8 18. Rhe1 g5 19. h3 Bf4 20. c4 Bxd2+ 21. Rxd2 Nf4 22. Ne5 Bxe4 23. Rxe4 Rbd8 24. f3 Rd6 25. b4 Rfd8 26. b5 a6 27. Nc6 Ra8 28. h4 axb5 29. cxb5 Nd5 30. hxg5 Nc3 31. Re5 Nxb5 32. Ne7+ Kf7 33. Rxb5 Kxe7 34. gxh6 gxh6 35. Rh5 Ra4 36. Rxh6 Rdxd4 37. Re2 Rac4+ 38. Kb2 Rb4+ 39. Kc2 Rbc4+ 40. Kb2 Rb4+ 41. Kc2 Rbc4+ 42. Kb2 Rb4+ 1/2-1/2

[Event "FIN-chT 2324"]
[Site "Finland"]
[Date "2023.09.23"]
[Round "1.1"]
[White "Tiitta, Sauli"]
[Black "Keinanen, Toivo"]
[Result "0-1"]
[WhiteElo "2166"]
[BlackElo "2514"]
[PlyCount "72"]
[EventDate "2023.09.23"]
[EventType "team-tourn"]
[EventRounds "12"]
[EventCountry "FIN"]
[SourceTitle "EXT 2024"]
[Source "ChessBase"]
[SourceDate "2023.10.10"]
[SourceVersion "1"]
[SourceVersionDate "2023.10.10"]
[SourceQuality "1"]
[WhiteTeam "Espoo MatSK II"]
[BlackTeam "Espoo MatSK"]
[WhiteTeamCountry "FIN"]
[BlackTeamCountry "FIN"]

1. e4 d6 2. d4 g6 3. Nc3 a6 4. Nf3 Bg7 5. Be3 Nf6 6. h3 b5 7. e5 Nfd7 8. Bf4 0-0 9. Qd2 Bb7 10. e6 Bxf3 11. exf7+ Rxf7 12. gxf3 Nc6 13. Be3 e5 14. dxe5 Ncxe5 15. 0-0-0 Nxf3 16. Qd5 Nfe5 17. Ne4 Nf6 18. Nxf6+ Bxf6 19. f4 Nc4 20. Bxc4 bxc4 21. Qxc4 Qd7 22. Rd3 Qb5 23. Qb3 Rb8 24. c4 Qe8 25. Qd1 Rxb2 26. Bd4 Bxd4 27. Rxd4 Rxa2 28. Kb1 Rf2 29. Qb3 R7xf4 30. c5+ Qf7 31. Qb8+ Kg7 32. Rxf4 Qxf4 33. Re1 dxc5 34. Re7+ Kh6 35. Rxc7 Qe4+ 36. Kc1 Qe1# 0-1

[Event "AI Cup Play In"]
[Site "Chess.com INT"]
[Date "2023.09.18"]
[Round "5"]
[White "Gadimbayli, Abdulla Azar"]
[Black "Keinanen, Toivo"]
[Result "0-1"]
[WhiteElo "2492"]
[BlackElo "2514"]
[PlyCount "50"]
[EventDate "2023.09.18"]
[EventType "swiss (rapid)"]
[EventRounds "9"]
[EventCountry "USA"]
[SourceTitle "EXT 2024"]
[Source "ChessBase"]
[SourceDate "2023.10.10"]
[SourceVersion "1"]
[SourceVersionDate "2023.10.10"]
[SourceQuality "1"]

1. e4 e6 2. d4 d5 3. Nd2 c5 4. exd5 Qxd5 5. dxc5 Nf6 6. Ngf3 Qxc5 7. Bd3 Nbd7 8. 0-0 Qc7 9. b3 Bb4 10. Nc4 b5 11. Ne3 Bc3 12. Rb1 a6 13. a4 Rb8 14. axb5 axb5 15. b4 0-0 16. Rb3 Bb7 17. Qe2 Rfd8 18. Bxb5 Bxf3 19. gxf3 Ne5 20. Bc4 Bxb4 21. Bb2 Ng6 22. Ng2 Rd2 23. Qe3 Qxc4 24. Rxb4 Rxb4 25. Bxf6 Re2 0-1

[Event "AI Cup Play In"]
[Site "Chess.com INT"]
[Date "2023.09.18"]
[Round "1"]
[White "Keinanen, Toivo"]
[Black "Kovalev, Vladislav"]
[Result "1-0"]
[WhiteElo "2514"]
[BlackElo "2582"]
[PlyCount "97"]
[EventDate "2023.09.18"]
[EventType "swiss (rapid)"]
[EventRounds "9"]
[EventCountry "USA"]
[SourceTitle "EXT 2024"]
[Source "ChessBase"]
[SourceDate "2023.10.10"]
[SourceVersion "1"]
[SourceVersionDate "2023.10.10"]
[SourceQuality "1"]

1. d4 Nf6 2. Nf3 e6 3. e3 d5 4. Bd3 c5 5. c3 Nc6 6. 0-0 Bd6 7. dxc5 Bxc5 8. b4 Bd6 9. Nbd2 Qc7 10. Bb2 0-0 11. Qe2 h6 12. a3 Ng4 13. h3 Nge5 14. c4 Nxd3 15. Qxd3 Rd8 16. cxd5 Bf8 17. Qc3 Rxd5 18. e4 Rh5 19. e5 Qb6 20. Ne4 Rf5 21. Ng3 Rf4 22. Bc1 Rxf3 23. Qxf3 Nxe5 24. Qe2 Ng6 25. Be3 Qc6 26. Rac1 Qa4 27. Qb2 Bd7 28. Rfd1 Bc6 29. Ne2 Qb5 30. Bc5 Bxc5 31. Rxc5 Qb6 32. Rdc1 Rd8 33. b5 Bd5 34. Rc8 Rxc8 35. Rxc8+ Kh7 36. a4 e5 37. Rc1 Nh4 38. Qxe5 Bxg2 39. Qf4 Bf3 40. Qxh4 Bxe2 41. Qe4+ Qg6+ 42. Qxg6+ Kxg6 43. Kg2 a6 44. b6 Bd3 45. Rc7 Be4+ 46. f3 Bd5 47. Rd7 Bc6 48. Rd6+ Kf5 49. Rxc6 1-0

[Event "AI Cup Play In"]
[Site "Chess.com INT"]
[Date "2023.09.18"]
[Round "7"]
[White "Postny, Evgeny"]
[Black "Keinanen, Toivo"]
[Result "0-1"]
[WhiteElo "2570"]
[BlackElo "2514"]
[PlyCount "142"]
[EventDate "2023.09.18"]
[EventType "swiss (rapid)"]
[EventRounds "9"]
[EventCountry "USA"]
[SourceTitle "EXT 2024"]
[Source "ChessBase"]
[SourceDate "2023.10.10"]
[SourceVersion "1"]
[SourceVersionDate "2023.10.10"]
[SourceQuality "1"]

1. d4 d5 2. c4 e6 3. Nf3 Nf6 4. Bg5 Be7 5. Nc3 h6 6. Bxf6 Bxf6 7. e4 dxe4 8. Nxe4 Nc6 9. Nxf6+ Qxf6 10. Bd3 Nxd4 11. Nxd4 Qxd4 12. 0-0 Bd7 13. Qe2 Bc6 14. Rad1 Qf4 15. b4 b6 16. Bc2 0-0 17. b5 Bb7 18. g3 Qf3 19. Qxf3 Bxf3 20. Rd7 Be2 21. Rc1 Rac8 22. Bd1 Bxd1 23. Rcxd1 Rfe8 24. Kg2 Kf8 25. h4 Re7 26. Rd8+ Rxd8 27. Rxd8+ Re8 28. Rd7 Rc8 29. h5 Ke8 30. Rd4 Rd8 31. Rg4 Kf8 32. c5 Rd5 33. cxb6 cxb6 34. a4 Rxh5 35. Rc4 a6 36. Rc8+ Ke7 37. Rc7+ Kf6 38. bxa6 Ra5 39. a7 Rxa4 40. Kf3 h5 41. Ke3 g5 42. Kf3 Kg6 43. Ke3 b5 44. Rb7 b4 45. Kd3 h4 46. gxh4 gxh4 47. Rxb4 Ra3+ 48. Ke2 Kg5 49. Rb7 f5 50. Kf1 e5 51. Kg2 h3+ 52. Kh2 Kf4 53. Rb3 Rxa7 54. Kxh3 Rg7 55. Kh2 e4 56. Ra3 Rg4 57. Rb3 Rg5 58. Ra3 Rg6 59. Rb3 Rg7 60. Ra3 Rg8 61. Rb3 Ke5 62. Rb5+ Kf4 63. Rb3 Rg4 64. Ra3 Rg5 65. Rb3 Ke5 66. Ra3 Kd4 67. Kh3 f4 68. Ra4+ Kd3 69. Ra3+ Ke2 70. Ra4 Kf3 71. Ra3+ Kxf2 0-1

[Event "Viljandi Raud Memorial 57th"]
[Site "Viljandi"]
[Date "2023.07.07"]
[Round "7"]
[White "Laurusas, Tomas"]
[Black "Keinanen, Toivo"]
[Result "1/2-1/2"]
[WhiteElo "2566"]
[BlackElo "2504"]
[PlyCount "36"]
[EventDate "2023.07.02"]
[EventType "swiss"]
[EventRounds "9"]
[EventCountry "EST"]
[SourceTitle "CBM 215 Extra"]
[Source "ChessBase"]
[SourceDate "2023.09.30"]
[SourceVersion "1"]
[SourceVersionDate "2023.09.30"]
[SourceQuality "1"]

1. d4 e6 2. c4 Bb4+ 3. Bd2 Bxd2+ 4. Qxd2 Nf6 5. Nf3 0-0 6. Nc3 d5 7. e3 b6 8. cxd5 Nxd5 9. Rc1 Bb7 10. Be2 Nd7 11. Ne4 Rc8 12. 0-0 Qe7 13. a3 Rfd8 14. Rfd1 N5f6 15. Nxf6+ Nxf6 16. Qb4 c5 17. dxc5 Rxd1+ 18. Bxd1 Nd7 1/2-1/2

[Event "Viljandi Raud Memorial 57th"]
[Site "Viljandi"]
[Date "2023.07.03"]
[Round "2"]
[White "Keinanen, Toivo"]
[Black "Sinitsina, Anastassia"]
[Result "1/2-1/2"]
[WhiteElo "2504"]
[BlackElo "2207"]
[PlyCount "126"]
[EventDate "2023.07.02"]
[EventType "swiss"]
[EventRounds "9"]
[EventCountry "EST"]
[SourceTitle "CBM 215 Extra"]
[Source "ChessBase"]
[SourceDate "2023.09.30"]
[SourceVersion "1"]
[SourceVersionDate "2023.09.30"]
[SourceQuality "1"]

1. Nf3 Nf6 2. e3 g6 3. b4 Bg7 4. Bb2 d6 5. Be2 e5 6. d4 e4 7. Nfd2 h5 8. c4 0-0 9. a4 Re8 10. Nc3 Bf5 11. a5 a6 12. b5 Nbd7 13. h3 h4 14. 0-0 Nf8 15. f4 Ne6 16. Nb3 d5 17. bxa6 bxa6 18. cxd5 Nxd5 19. Nxd5 Qxd5 20. Qc2 c6 21. Rfc1 Reb8 22. Bc4 Qd8 23. Qf2 Nc7 24. Ba3 Nd5 25. Bc5 Bf6 26. Rab1 Rb7 27. Bxd5 cxd5 28. Bb6 Qe8 29. Nc5 Rbb8 30. Qe2 Bc8 31. Rb2 g5 32. f5 Qf8 33. Rf1 Qd6 34. Rc2 Qe7 35. Rcc1 Qe8 36. Qa2 Bb7 37. Nxb7 Rxb7 38. Qxd5 Rd7 39. Qc6 Bg7 40. f6 Bh6 41. Rc5 Rb8 42. Re5 Re7 43. Qxe4 Rxe5 44. Qxe5 g4 45. Qxe8+ Rxe8 46. hxg4 Rxe3 47. Rd1 Re6 48. d5 Rd6 49. Bc5 Rd7 50. d6 Bg5 51. Rf1 Kh7 52. Re1 Kg6 53. Re7 Rd8 54. Ra7 Rxd6 55. Ra8 Rd5 56. Bb6 Bxf6 57. Rxa6 Rd6 58. Kf2 Bd4+ 59. Kf3 Re6 60. Kf4 Be3+ 61. Kf3 Bd4 62. Kf4 Be3+ 63. Kf3 Bd4 1/2-1/2

[Event "Viljandi Valgmae Memorial"]
[Site "Viljandi"]
[Date "2023.07.01"]
[Round "6"]
[White "Krivenko, Dion"]
[Black "Keinanen, Toivo"]
[Result "1-0"]
[WhiteElo "2250"]
[BlackElo "2504"]
[PlyCount "71"]
[EventDate "2023.07.01"]
[EventType "swiss (rapid)"]
[EventRounds "9"]
[EventCountry "EST"]
[SourceTitle "CBM 215 Extra"]
[Source "ChessBase"]
[SourceDate "2023.09.30"]
[SourceVersion "1"]
[SourceVersionDate "2023.09.30"]
[SourceQuality "1"]

1. e4 e6 2. Qe2 Nf6 3. Nf3 d5 4. d3 dxe4 5. dxe4 Bc5 6. Bg5 h6 7. Bxf6 Qxf6 8. e5 Qf4 9. Nbd2 Nc6 10. c3 Bd7 11. g3 Qf5 12. Bg2 0-0 13. Nb3 Bb6 14. 0-0 Rfd8 15. Rad1 Be8 16. h4 Qg4 17. Kh2 Qa4 18. Nc1 Ne7 19. b3 Qa3 20. Nd3 Nd5 21. Qc2 Qa5 22. Rc1 c5 23. Nd2 Bc7 24. Nc4 Qb5 25. Rcd1 Rac8 26. a4 Qc6 27. Nf4 Bb8 28. Rfe1 b6 29. Qc1 Qb7 30. Ne3 Bc6 31. Nexd5 exd5 32. e6 Bxf4 33. Qxf4 fxe6 34. Rxe6 d4 35. Rde1 Bxg2 36. Re7 1-0

[Event "Kuressaare Saaremaa Rapid 4th"]
[Site "Kuressaare"]
[Date "2023.06.03"]
[Round "5"]
[White "Keinanen, Toivo"]
[Black "Narva, Mai"]
[Result "1-0"]
[WhiteElo "2504"]
[BlackElo "2383"]
[PlyCount "69"]
[EventDate "2023.06.03"]
[EventType "swiss (rapid)"]
[EventRounds "11"]
[EventCountry "EST"]
[SourceTitle "CBM 214 Extra"]
[Source "ChessBase"]
[SourceDate "2023.07.31"]
[SourceVersion "1"]
[SourceVersionDate "2023.07.31"]
[SourceQuality "1"]

1. c4 Nf6 2. g3 e6 3. Bg2 c5 4. Nf3 Nc6 5. 0-0 d5 6. cxd5 exd5 7. d4 Bg4 8. Bg5 h6 9. Bxf6 Qxf6 10. Nc3 0-0-0 11. dxc5 Bxc5 12. Rc1 Kb8 13. Nxd5 Qd6 14. Qa4 Bxf3 15. Bxf3 Nd4 16. Rfd1 Nxf3+ 17. exf3 h5 18. Qh4 f6 19. Qf4 Qxf4 20. Nxf4 Rxd1+ 21. Rxd1 g5 22. Ne6 Bb6 23. Kg2 h4 24. f4 Re8 25. Rd6 hxg3 26. hxg3 gxf4 27. Nxf4 Rc8 28. Rxf6 Bd4 29. Rf7 Bxb2 30. g4 Bd4 31. g5 b5 32. Ne6 Be5 33. Rf5 Bd6 34. Rxb5+ Ka8 35. g6 1-0

[Event "Kuressaare Saaremaa Rapid 4th"]
[Site "Kuressaare"]
[Date "2023.06.03"]
[Round "4"]
[White "Kuzubov, Yuriy"]
[Black "Keinanen, Toivo"]
[Result "1-0"]
[WhiteElo "2624"]
[BlackElo "2504"]
[PlyCount "111"]
[EventDate "2023.06.03"]
[EventType "swiss (rapid)"]
[EventRounds "11"]
[EventCountry "EST"]
[SourceTitle "CBM 214 Extra"]
[Source "ChessBase"]
[SourceDate "2023.07.31"]
[SourceVersion "1"]
[SourceVersionDate "2023.07.31"]
[SourceQuality "1"]

1. d4 d5 2. c4 e6 3. Nf3 Nf6 4. Nc3 Be7 5. cxd5 exd5 6. Bf4 0-0 7. e3 c5 8. Be2 Nc6 9. 0-0 Bg4 10. dxc5 Bxc5 11. Rc1 Bb6 12. Na4 Bc7 13. Bxc7 Qxc7 14. Nc3 Rfd8 15. Nd4 Bxe2 16. Ncxe2 Qb6 17. Qb3 Qxb3 18. Nxb3 Nb4 19. Rc7 Rab8 20. Nbd4 Ne8 21. Rc3 Nd6 22. a3 Nc6 23. Rfc1 Ne5 24. Nf4 Ne4 25. Rc7 Nc4 26. b3 Ne5 27. f3 Nf6 28. h4 Ng6 29. Nxg6 hxg6 30. Kf2 Kf8 31. Ke2 Ne8 32. R7c5 Ke7 33. Kd2 Nf6 34. g4 Ne8 35. a4 a6 36. a5 Rd7 37. Kd3 Nf6 38. g5 Ne8 39. R5c2 Nd6 40. Rc5 Ne8 41. b4 Ra8 42. b5 axb5 43. Rxb5 Ra7 44. Rcb1 Kf8 45. Nb3 Nc7 46. Nc5 Nxb5 47. Nxd7+ Ke7 48. Rxb5 Kxd7 49. Rxd5+ Kc6 50. e4 b6 51. axb6 Kxb6 52. Ke3 Kc7 53. Kf4 Ra1 54. h5 gxh5 55. Rf5 Kd6 56. Rxf7 1-0

[Event "Kuressaare Saaremaa Rapid 4th"]
[Site "Kuressaare"]
[Date "2023.06.03"]
[Round "6"]
[White "Tsolakidou, Stavroula"]
[Black "Keinanen, Toivo"]
[Result "1-0"]
[WhiteElo "2373"]
[BlackElo "2504"]
[PlyCount "143"]
[EventDate "2023.06.03"]
[EventType "swiss (rapid)"]
[EventRounds "11"]
[EventCountry "EST"]
[SourceTitle "CBM 214 Extra"]
[Source "ChessBase"]
[SourceDate "2023.07.31"]
[SourceVersion "1"]
[SourceVersionDate "2023.07.31"]
[SourceQuality "1"]

1. d4 e6 2. g3 c5 3. Nf3 Qa5+ 4. Nbd2 cxd4 5. Nxd4 Nc6 6. N4b3 Qc7 7. Bg2 Nf6 8. 0-0 Be7 9. c4 d6 10. Ne4 Nxe4 11. Bxe4 Ne5 12. Nd2 0-0 13. b3 Bf6 14. Rb1 Rd8 15. Bb2 Bd7 16. Bg2 Ng4 17. Ne4 Bxb2 18. Rxb2 Bc6 19. Rd2 d5 20. cxd5 Rxd5 21. e3 Ne5 22. Qc2 Rxd2 23. Nxd2 Rd8 24. Bxc6 Rd6 25. Qc3 Rxc6 26. Qd4 Rc2 27. Kg2 h6 28. Ne4 f5 29. Nd6 Qc6+ 30. e4 Ng4 31. Kg1 f4 32. Nc4 Rxa2 33. gxf4 Nf6 34. Re1 Qe8 35. Kf1 Qh5 36. Qd8+ Kh7 37. Qd3 Qxh2 38. e5+ Kh8 39. Qf3 Ng4 40. Re2 Ra1+ 41. Re1 Rxe1+ 42. Kxe1 h5 43. Nd6 Qg1+ 44. Ke2 Qb1 45. Qc3 Qa2+ 46. Kd1 Qxf2 47. Nf7+ Kg8 48. Ng5 Ne3+ 49. Kc1 Qf1+ 50. Kd2 Qf2+ 51. Kd3 Qf1+ 52. Kxe3 Qg1+ 53. Ke4 Qg2+ 54. Qf3 Qc2+ 55. Qd3 Qg2+ 56. Kd4 Qd5+ 57. Kc3 Qc5+ 58. Qc4 Qe3+ 59. Kb4 Qd2+ 60. Ka3 Qa5+ 61. Kb2 Qd2+ 62. Qc2 Qd4+ 63. Qc3 Qf2+ 64. Ka3 Qxf4 65. Nxe6 Qg4 66. Qc8+ Kh7 67. Nf8+ Kg8 68. e6 Qd4 69. Nd7+ Kh7 70. e7 Qd6+ 71. Qc5 Qxd7 72. Qxh5+ 1-0

[Event "FIN-ch"]
[Site "Helsinki"]
[Date "2023.04.14"]
[Round "8"]
[White "Keinanen, Toivo"]
[Black "Luukkonen, Tommi"]
[Result "1-0"]
[WhiteElo "2501"]
[BlackElo "2292"]
[PlyCount "63"]
[EventDate "2023.04.07"]
[EventType "swiss"]
[EventRounds "9"]
[EventCountry "FIN"]
[SourceTitle "CBM 213 Extra"]
[Source "ChessBase"]
[SourceDate "2023.05.31"]
[SourceVersion "1"]
[SourceVersionDate "2023.05.31"]
[SourceQuality "1"]

1. Nf3 Nf6 2. d4 g6 3. b3 Bg7 4. Bb2 0-0 5. e3 d6 6. Be2 Nbd7 7. 0-0 e5 8. dxe5 Ng4 9. c4 Re8 10. Nc3 Ngxe5 11. Qd2 b6 12. Nxe5 Nxe5 13. Nd5 Bb7 14. Rad1 a5 15. Bc3 Nd7 16. Bxg7 Kxg7 17. Qc3+ Nf6 18. Bf3 Bxd5 19. cxd5 Re5 20. Rd4 b5 21. Rc1 Ra7 22. a3 Nd7 23. Be2 Qb8 24. f4 Re8 25. Bxb5 Rxe3 26. Rd3+ Nf6 27. Rxe3 Qxb5 28. g4 Qc5 29. Qxc5 dxc5 30. Rxc5 Nxg4 31. Re7 Ra6 32. Rc6 1-0

[Event "FIN-chT 2223"]
[Site "Finland"]
[Date "2023.01.15"]
[Round "8.1"]
[White "Keinanen, Toivo"]
[Black "Laurusas, Tomas"]
[Result "1/2-1/2"]
[WhiteElo "2499"]
[BlackElo "2563"]
[PlyCount "75"]
[EventDate "2022.09.24"]
[EventType "team-tourn"]
[EventRounds "11"]
[EventCountry "FIN"]
[SourceTitle "EXT 2024"]
[Source "ChessBase"]
[SourceDate "2023.10.10"]
[SourceVersion "1"]
[SourceVersionDate "2023.10.10"]
[SourceQuality "1"]
[WhiteTeam "Espoo MatSK"]
[BlackTeam "Helsinki Ninja"]
[WhiteTeamCountry "FIN"]
[BlackTeamCountry "FIN"]

1. d4 d5 2. c4 c6 3. Nf3 Nf6 4. Nbd2 Bf5 5. Nh4 Be6 6. e3 g6 7. b4 Bg7 8. Bb2 0-0 9. Rc1 Nbd7 10. Be2 a5 11. b5 cxb5 12. cxb5 Nb6 13. 0-0 Qd6 14. Qb3 Ne4 15. Nhf3 Qb4 16. Bc3 Nxc3 17. Rxc3 Rfc8 18. Rfc1 Bf8 19. a3 Rxc3 20. Rxc3 Qd6 21. Ne5 Rc8 22. Rxc8 Nxc8 23. Nd3 Bd7 24. Nc5 b6 25. Nxd7 Qxd7 26. Nf3 e6 27. Ne5 Qc7 28. Nc6 Bd6 29. g3 Ne7 30. Qc3 h5 31. Kg2 Nf5 32. Bd3 Ne7 33. a4 Kg7 34. e4 Bb4 35. Qc2 dxe4 36. Bxe4 Qd6 37. Qc4 Ba3 38. h4 1/2-1/2

[Event "FIN-chT 2223"]
[Site "Finland"]
[Date "2023.01.14"]
[Round "7.1"]
[White "Keinanen, Toivo"]
[Black "Shirov, Alexei"]
[Result "0-1"]
[WhiteElo "2499"]
[BlackElo "2666"]
[PlyCount "142"]
[EventDate "2022.09.24"]
[EventType "team-tourn"]
[EventRounds "11"]
[EventCountry "FIN"]
[SourceTitle "EXT 2024"]
[Source "ChessBase"]
[SourceDate "2023.10.10"]
[SourceVersion "1"]
[SourceVersionDate "2023.10.10"]
[SourceQuality "1"]
[WhiteTeam "Espoo MatSK"]
[BlackTeam "Tampere Tammer"]
[WhiteTeamCountry "FIN"]
[BlackTeamCountry "FIN"]

1. c4 Nf6 2. d4 g6 3. Nc3 d5 4. Bg5 Ne4 5. Bf4 Nxc3 6. bxc3 Bg7 7. e3 c5 8. cxd5 cxd4 9. cxd4 Qxd5 10. Nf3 Nc6 11. Be2 b6 12. 0-0 Bb7 13. Rc1 0-0 14. Bc4 Qh5 15. Qe2 Rad8 16. d5 Na5 17. e4 Nxc4 18. Qxc4 Qg4 19. Bg5 Rc8 20. Qb4 f6 21. Bd2 e5 22. a4 Qd7 23. Qb3 h6 24. Bb4 Rxc1 25. Rxc1 Rc8 26. Rxc8+ Bxc8 27. Nd2 Ba6 28. h3 f5 29. d6+ Kh7 30. exf5 gxf5 31. Qc2 e4 32. g4 Bb7 33. gxf5 Qxf5 34. Nf1 Qxh3 35. Ng3 Qd7 36. Nxe4 Kh8 37. f3 a5 38. Ba3 Bd4+ 39. Kh2 Be5+ 40. Kg1 Bd4+ 41. Kh2 Bc8 42. Nf2 Qf5 43. Qe2 Qe5+ 44. Qxe5+ Bxe5+ 45. Kg2 Kg7 46. Nd3 Bf6 47. Bc1 Bf5 48. Nf4 Bd4 49. Nd5 Be6 50. Be3 Bxe3 51. Nxe3 Kf7 52. Kg3 Bb3 53. Nf5 Bxa4 54. Nxh6+ Ke6 55. Kf4 Kxd6 56. Nf5+ Kc5 57. Ke3 Bd7 58. Ng3 Kc4 59. Kd2 a4 60. Kc1 b5 61. f4 a3 62. f5 b4 63. f6 b3 64. f7 b2+ 65. Kd2 b1Q 66. f8Q Qd3+ 67. Kc1 Qc3+ 68. Kd1 Bg4+ 69. Ne2 Qd3+ 70. Kc1 Qe3+ 71. Kb1 Qb3+ 0-1